000 01126cam a2200301 a 4500
001 3791
005 20240507151852.0
020 _a9780061703966 (pbk.)
040 _aDLC
_cDLC
_dDLC
_beng
050 0 0 _aE901.1.O23
082 0 0 _a328.73092
100 1 _aWinter, Jonah
_d1962-
245 1 0 _aBarack /
_cby Jonah Winter ; illustrated by A.G. Ford.
250 _aFirst edition
260 _aNew York :
_bKatherine Tegen Books,
_c2008.
300 _a30 unnumbered pages :
_bcolor illustrations ;
_c29 cm.
505 _aX
520 _aA picture book biography of African-American senator and presidential candidate Barack Obama.
521 _a890
_bLexile
521 _aX
_bRaz-Plus
650 0 _aPresidential candidates
_zUnited States
_vBiography
_vJuvenile literature.
650 0 _aLegislators
_zUnited States
_vBiography
_vJuvenile literature.
650 0 _aAfrican American legislators
_vBiography
_vJuvenile literature.
650 0 _aRacially mixed people
_zUnited States
_vBiography
_vJuvenile literature.
700 1 _aFord, AG
906 _a7
_bcbc
_corignew
_d1
_eecip
_f20
_gy-gencatlg
942 _2ddc
_cBK
_n0
999 _c3791
_d3791